Conjeturas y refutaciones: el desarrollo del conocimiento científico
Gardado en:
| Autor Principal: | |
|---|---|
| Formato: | Libro |
| Idioma: | Lingua castelá |
| Publicado: |
Barcelona
Paidós
1989
|
| Series: | Paidós studio-básica, 7
|
| Subjects: | |
| Tags: |
Engadir etiqueta
Sen Etiquetas, Sexa o primeiro en etiquetar este rexistro!
|
MARC
| LEADER | 00000nam a2200000 a 4500 | ||
|---|---|---|---|
| 001 | UCX6056 | ||
| 003 | CL-VaPUC | ||
| 008 | 930408e19890000SP |||||||||||||||||spa|d | ||
| 082 | 0 | 4 | |a 121 |b POP |2 21 |
| 100 | |a Pooper, Karl R. |e author |9 311826 | ||
| 245 | 1 | 0 | |a Conjeturas y refutaciones: el desarrollo del conocimiento científico |
| 300 | |a 513 p | ||
| 942 | |c BK | ||
| 945 | |d 19930408 00:00:00 | ||
| 260 | |a Barcelona |b Paidós |c 1989 | ||
| 650 | 0 | |a Teoría del conocimiento |9 255038 | |
| 650 | 0 | |a Filosofía de las ciencias |9 256466 | |
| 650 | 0 | |a Filosofía del lenguaje |9 257082 | |
| 583 | |a last modification |c 19930408 00:00:00 |k Rodrigo Vera | ||
| 490 | 0 | |a Paidós studio-básica, 7 | |
| 999 | |c 226157 |d 226155 | ||
| 952 | |0 0 |1 0 |4 0 |6 121_000000000000000_POP_1989 |7 0 |8 A |9 224307 |a BIBTEO |b BIBTEO |d 2019-11-15 |i 2930730 |o 121 POP 1989 |p 2930730 |r 2025-01-17 |w 2019-11-15 |y BK |k ICR | ||